000 00671nam a2200193Ia 4500
003 GCL
008 140319s9999 xx 000 0 ara d
040 _aGCL /
_cGCL
082 0 4 _a496.392
_bع م
100 1 _aعبدالله نجيب محمد
245 1 0 _aمصطلحات سواحيلية فى ضوء العلاقات الاجتماعية /
_cعبدالله نجيب محمد
260 _a[S.N] :
_bمعهد البحوث والدراسات العربية ،
_c1987
300 _a90 ص
490 _aالدراسات الخاصة
_v0
650 0 4 _aشرق افريقيا
650 0 4 _aمصطلحات
650 0 4 _aاللغات الافريقية
942 _2ddc
_cBK
999 _c33473
_d33473